000 00503nam a22001697a 4500
005 20251108165320.0
008 250721s2007 xx 000 0 ara d
082 1 4 _a216.534/وجي
100 1 _aالشيخ، محمد بن إبراهيم
245 1 0 _aالوجيز للمرأة المسلمة /
264 1 _aبيروت :
_bدار ابن جزم،
_c2007.
300 _a360ص.
650 1 7 _aالفقه الاسلامي
650 1 7 _aالمراه المسلمه
942 _2ddc
_cBK
999 _c24906
_d24906